000 00377nam a22001577a 4500
003 Macl
005 20241020150124.0
008 241020b |||||||| |||| 00| 0 eng d
040 _cMacl
082 _a954
100 _aS.R Sharma
_982639
245 _aIndia ancient past
260 _aNew Delhi
_bOxford university press
_c2024
650 _aHistory
942 _2ddc
_cC. BOOKS
999 _c67314
_d67314